| 000 | 00000nam##2200000za#4500 |
| 001 | 9.693461 |
| 003 | CaOODSP |
| 005 | 20210624233657 |
| 007 | cr ||||||||||| |
| 008 | 150407|2010||||xxc|||||o f|0| 0 eng|d |
| 020 | |a978-1-100-15883-9 |
| 040 | |aCaOODSP|beng |
| 043 | |an-cn--- |
| 086 | 1 |aCP32-89/2-2010E-PDF |
| 110 | 1 |aCanada.|bPrivy Council. |
| 245 | 10|aAir India Flight 182 - a Canadian tragedy. Volume two / |h[electronic resource]|cIssued by the Commission of Inquiry into the Investigation of the Bombing of Air India Flight 182. |
| 260 | |aOttawa - Ontario : |bPrivy Council |cc2010. |
| 300 | |aIn 2 PDF files (586, 646p.)|bfigs., references |
| 500 | |aThe catalogue number (CP32-89/2-2010E) and ISBN (978-0-660-19926-9) for the print edition have been copied in this PDF edition. This record includes Part 1 and Part 2 of Volume 2. Please refer to CP32-89/4-2010E-PDF for Volume 1 and Reader's Guide of the report, CP32-89/3-2010E-PDF for Volume 3, CP32-89/6-2010E-PDF for Volume 4, CP32-89/7-2010E-PDF for Volume 5. |
| 590 | |a10-24|b2010-06-18 |
| 775 | 08|tLe vol 182 d'Air India - une tragédie canadienne. Volume deux / |w(CaOODSP)9.637639 |
| 776 | 0#|tAir India Flight 182 - a Canadian tragedy. Volume two / |w(CaOODSP)9.651674 |
| 856 | 40|ahttp://publications.gc.ca|qPDF|s2308 KB|uhttps://publications.gc.ca/collections/collection_2010/bcp-pco/CP32-89-2-2010-2-eng.pdf |
| 856 | 40|ahttp://publications.gc.ca|qPDF|s2135 KB|uhttps://publications.gc.ca/collections/collection_2010/bcp-pco/CP32-89-2-2010-1-eng.pdf |